000 00808nam a22002177a 4500
999 _c9644
_d9644
003 AR-CdUCM
008 190328b ||||| |||| 00| 0 spa d
040 _aMUNICIPALIDAD PROVINCIAL DEL CUSCO
_cBIBLIOTECA MUNICIPAL DEL CUSCO
082 _a340.1 /
_bR14 / 1933
100 _aRadbruch, G.
_925983
245 _aFilosofía del derecho /
260 _aMadrid :
_bRevista de derecho privado,
_c1933.
300 _a278 páginas :
_c23 cm.
505 _aContenido : Realidad y valor -- La filosofía del derecho como consideración valorativa del derecho -- Las direcciones de la filosofía del derecho -- El concepto del derecho ...
650 _aConcepto
_925984
650 _aDerecho
_9739
650 _aFilosofía
_9395
700 _aMedina Echavarria, Jose
_91695
942 _2ddc
_cLIBROS
945 _arah